• 首页
  • 本馆介绍
  • 公告通知
  • 最新文献
  • 馆藏检索
  • 电子资源
  • 读者导购
  • 参考咨询
  • 我的图书馆
  • 登录
  • 详细信息显示
  • 放入我的书架
  • 预约/预借图书
  • 作者相关作品
  • 分类相关作品
  • 丛书相关作品
  • 出版社相关作品

书目信息

  • 表格格式
  • 工作单格式
  • 卡片格式
题名:
庐隐作品集
    
 
作者: 庐隐 著 ;林焕标 , 郁苇 编
分册:  
出版信息: 北京   现代出版社  2016.08
页数: 365页
开本: 23cm
丛书名:
单 册:
中图分类: I246 , I266 , I216.2
科图分类:
主题词: 小说集--中国--现代 , 散文集--中国--现代 , 文学--作品集--中国
电子资源:
ISBN: 978-7-5143-4289-5
000 01059nam0 2200325 450
001 008743752
005 20230406163632.50
010    @a978-7-5143-4289-5@dCNY35.00
100    @a20160927d2016 em y0chiy50 ea
101 0  @achi
102    @aCN@b110000
105    @aa z 000zy
106    @ar
200 1  @a庐隐作品集@9lu yin zuo pin ji@f庐隐著@g凡尼,郁苇编
210    @a北京@c现代出版社@d2016.08
215    @a365页@c图@d23cm
300    @a现代大师经典系列
330    @a本书分为散文、小说两部分,主要包括:窗外的春光、我愿秋常驻人间、蓬莱风景线、春的警钟、美丽的姑娘、秋声、郭君梦良行状、夏的歌颂、男人和女人、花瓶时代、玫瑰的刺等。
333    @a文学爱好者
606 0  @a小说集@y中国@z现代
606 0  @a散文集@y中国@z现代
606 0  @a文学@x作品集@x中国
690    @aI246@v5
690    @aI266@v5
690    @aI216.2@v4
701  0 @a庐隐@9lu yin@c(女,@f1899-1934)@4著
702  0 @a林焕标@9lin huan biao@f(1937.7-)@4编
702  0 @a郁苇@9yu wei@c(文学)@4编
801  0 @aCN@b人天书店@c20170505
905    @b1092543-47@dI216.2@e1179@f5
    
    庐隐作品集/庐隐著/凡尼,郁苇编.-北京:现代出版社,2016.08
    365页:图;23cm
    现代大师经典系列.-使用对象:文学爱好者
    
    ISBN 978-7-5143-4289-5:CNY35.00
    本书分为散文、小说两部分,主要包括:窗外的春光、我愿秋常驻人间、蓬莱风景线、春的警钟、美丽的姑娘、秋声、郭君梦良行状、夏的歌颂、男人和女人、花瓶时代、玫瑰的刺等。
●
相关链接 在E读中查询图书 在五车中查询图书 在当当中查询图书 在豆瓣中查询图书


正题名:庐隐作品集     索取号:I216.2/1179         预约/预借

序号 登录号 条形码 馆藏地/架位号 状态 备注
1 1092543   210925436   第一样本阅览室/ [索取号:I216.2/1179] 在馆    
2 1092544   210925445   教育系资料室/ [索取号:I216.2/1179] 在馆    
3 1092545   210925454   教育系资料室/ [索取号:I216.2/1179] 在馆    
4 1092546   210925463   第二借阅区/ [索取号:I216.2/1179] 在馆    
5 1092547   210925472   第二借阅区/ [索取号:I216.2/1179] 在馆    
唐山师范学院图书馆 欢迎您!
大连网信软件有限公司© 版权所有